000 00776nam a22002057a 4500
999 _c17178
_d17178
003 AR-CdUCM
008 190507b ||||| |||| 00| 0 esp
040 _aMUNICIPALIDAD PROVINCIAL DEL CUSCO
_cBIBLIOTECA MUNICIPAL DEL CUSCO
082 _a978.082 /
_bC355
100 _aCastro,Fidel
_914014
245 _aPor el camino correcto :
_bompilación de textos /
_cFidel Castro.
260 _aLa Habana :
_bPolítica,
_c1987.
300 _a152 páginas ;
_c20 cm.
505 _aTenemos que ser mucho más intransigentes -- La revolución se fortalece en procesos de esta índole -- Hemos sabido rectificar y tomar el camino correcto ...
650 _aSocialismo
_91037
650 _aCuba
_91821
650 _aRevolución.
_9844
942 _2ddc
_cLIBROS
945 _aacrt
_d2019-05-07